Car Seat Headrest - Beach Life-in-Death Lyrics - Statistics

General Stats
  • This quiz has been taken 26 times
  • The average score is 832 of 960
Answer Stats
Answers % Correct
****
100%
a
100%
I
100%
in
100%
In
100%
was
100%
you
100%
You
100%
about
94%
an
94%
and
94%
And
94%
came
94%
can
94%
drove
94%
Ferry
94%
he
94%
It
94%
it
94%
Last
94%
me
94%
night
94%
"O"
94%
out
94%
She
94%
so
94%
So
94%
station
94%
stop
94%
the
94%
The
94%
ther
94%
There
94%
there
94%
thought
94%
to
94%
train
94%
up
94%
we
94%
We
94%
were
94%
we're
94%
(We're
94%
when
94%
When
94%
Where
94%
again
88%
against
88%
all
88%
am
88%
anti-depression
88%
(Apply
88%
at
88%
At
88%
back
88%
be
88%
Beach
88%
Because
88%
been
88%
big
88%
boyfriend
88%
brain's
88%
breakfast)
88%
But
88%
by
88%
By
88%
called
88%
changed
88%
conductor
88%
cut
88%
Death
88%
death
88%
decreasing
88%
dinner)
88%
do
88%
"Do
88%
Do
88%
dog
88%
dogs"
88%
don't
88%
dreamed
88%
(Eat
88%
face
88%
first
88%
for
88%
friend
88%
friend's)
88%
friends
88%
from
88%
fugitive
88%
funny
88%
(Go
88%
go
88%
Harper's
88%
hated
88%
have
88%
heads
88%
human
88%
humans
88%
if
88%
I'll
88%
insane
88%
into
88%
it's
88%
It's
88%
its
88%
jobs)
88%
kept
88%
kill
88%
know
88%
laughed
88%
left
88%
limit
88%
looked
88%
love
88%
lunch)
88%
met
88%
motif"
88%
my
88%
My
88%
nature
88%
never
88%
no
88%
not
88%
Ocean
88%
ocean
88%
of
88%
on
88%
reaction
88%
real
88%
river
88%
rocks
88%
sadness
88%
said
88%
schizophrenia
88%
should
88%
signs
88%
since
88%
Skype
88%
some
88%
something
88%
speed
88%
still
88%
store)
88%
subject
88%
take
88%
ten
88%
that
88%
then
88%
this
88%
tracks
88%
try
88%
trying
88%
underneath
88%
unreal
88%
video
88%
want
88%
wanted
88%
warn
88%
What
88%
what
88%
"What's
88%
with
88%
With
88%
woke
88%
year
88%
yet
88%
your
88%
Your
88%
arms
82%
around
82%
As
82%
backseat
82%
bed)
82%
couldn't
82%
could've
82%
drugs
82%
entered
82%
find
82%
Funeral
82%
get
82%
Get
82%
gone
82%
goodbye
82%
grave
82%
had
82%
halfway
82%
home
82%
hoods
82%
hurts
82%
Illinois
82%
impossible
82%
is
82%
knew
82%
laws
82%
limits
82%
little
82%
mine
82%
next
82%
Nice
82%
nice
82%
nightmare
82%
Oh
82%
oh
82%
open
82%
our
82%
over
82%
powerful
82%
put
82%
raining
82%
related
82%
say
82%
scene
82%
sea
82%
suggested
82%
taken
82%
threw
82%
time
82%
town
82%
tried
82%
warned
82%
washed
82%
wasn't
82%
week
82%
wrote
82%
any
76%
being
76%
board
76%
braces
76%
brother"
76%
children
76%
City
76%
crimes
76%
eaten
76%
enough
76%
gravity
76%
groceries
76%
incapable
76%
inhuman
76%
leave
76%
living
76%
"Ma
76%
monopoly
76%
More
76%
more
76%
pass
76%
Running
76%
Satanist
76%
their
76%
them
76%
they
76%
They
76%
too
76%
turn
76%
uncontrollably
76%
well
76%
almost
71%
alone
71%
ancients
71%
capital
71%
coming
71%
completely
71%
Disney
71%
drunk
71%
everything
71%
Except
71%
favorite
71%
finally
71%
fish
71%
flashlight
71%
found
71%
fucked
71%
grew
71%
him
71%
kissing
71%
let
71%
listening
71%
lots
71%
means
71%
meant
71%
morning
71%
mother
71%
one
71%
Other
71%
paint
71%
please
71%
pretended
71%
saw
71%
schemas
71%
see
71%
sex
71%
significant
71%
singing
71%
soon
71%
soul
71%
soulless
71%
spent
71%
Studios
71%
tell
71%
told
71%
use
71%
Walt
71%
yearns
71%
you'll
71%
young
71%
colors
65%
cult
65%
early
65%
ears
65%
everyone
65%
feet
65%
fell
65%
frightening
65%
fundamental
65%
hoped
65%
inside
65%
join
65%
mall
65%
perked
65%
Pretty
65%
Ran
65%
sonar
65%
suits
65%
systems
65%
tales
65%
talk
65%
Took
65%
using
65%
walk
65%
weak
65%
business
59%
doctors
59%
feel
59%
inseparable
59%
knees
59%
lips
59%
looking
59%
visit
59%
roads
53%
smile
53%
body)
47%
scared
47%
shit)
47%
(How's
41%
How's
41%
odd
35%
Ooh
29%
fave
6%
No matching quizzes found
Score Distribution
Percent of People with Each Score
Percentile by Number Answered
Your Score History
You have not taken this quiz